000
00498nam a2200181Ia 4500
008
090124s9999 xx 000 0 und d
082
_b
107902
100
_a
मुन्शी के.एम्.
245
_a
प्रतिशोध
250
_a
1
260
_c
1960
300
_a
132
600
_a
मुन्शी के.एम्.
630
_a
प्रतिशोध
700
_a
मुन्शी के.एम्.
730
_a
प्रतिशोध
942
_c
BOOK
999
_c
153993
_d
153993